| 000 | 00745nam a2200289Ia 4500 | ||
|---|---|---|---|
| 008 | 171025s9999 xx 000 0 und d | ||
| 020 | _a9780916730017 | ||
| 050 | _a610.73 | ||
| 050 | _bB636 1976 | ||
| 100 | _aBlake, Sheila Lelly | ||
| 245 | _aDealing with death and dying : | ||
| 245 | _bnursing skillbook / | ||
| 245 | _cSheila Lelly Blake. | ||
| 250 | _aSecond edition | ||
| 260 | _aUSA : | ||
| 260 | _bIntermed Communications, Inc., | ||
| 260 | _c1976 | ||
| 300 | _a189 pages : | ||
| 300 | _billustrations ; | ||
| 300 | _c23cm. | ||
| 500 | _aIncludes answer and index. | ||
| 650 | _aNurse and patient. | ||
| 650 | _aNursing -- | ||
| 650 | _aTerminal care. | ||
| 650 | _xPsychological aspects. | ||
| 700 | _aTitle. | ||
| 999 |
_c344429 _d344429 |
||